000 00710nam a2200265 a 4500
003 AR-BaBNM
005 20251128205218.0
008 082120s2002 ||||||||||||||000 | spa||
020 _a958-24-0012-9
040 _cAR-BaBNM
100 1 _aAlonso, Fernando
245 0 0 _aEl hombrecito vestido de gris
260 _aBogotá
_bAlfaguara
_c1989
300 _a93 p.
_bil.
490 0 _aJuvenil
_vv. 40
500 _aContiene biografía del autor en la contratapa
650 4 _aLITERATURA INFANTIL
650 4 _aLIBROS PARA NIÑOS
650 4 _aCUENTOS DE AVENTURAS
653 _aCUENTOS DE MISTERIO
655 _aLITERATURA
700 1 _aWensell, Ulises
_eilustrador
942 _cBK
998 _claura
999 _c10472
_d10472